| 000 | 00695cam a2200241 4500500 | ||
|---|---|---|---|
| 005 | 20260419001036.0 | ||
| 041 | _afre | ||
| 042 | _adc | ||
| 100 | 1 | 0 |
_aGherardi, Sophie _eauthor |
| 245 | 0 | 0 | _aExiste-t-il un management à l’européenne ? |
| 260 | _c2023. | ||
| 500 | _a27 | ||
| 690 | _aDiversité | ||
| 690 | _aEntreprise | ||
| 690 | _aManagement | ||
| 690 | _aManagement interculturel | ||
| 690 | _aMondialisation | ||
| 690 | _aRessources humaines | ||
| 690 | _aValeurs | ||
| 690 | _aVie pro / vie perso | ||
| 786 | 0 | _nPhilonomist | - | 2 | 2023-02-17 | p. 71-76 | |
| 856 | 4 | 1 | _uhttps://shs.cairn.info/magazine-philonomist-2023-2-page-71?lang=fr&redirect-ssocas=7080 |
| 999 |
_c2212704 _d2212704 |
||